00546nam a2200133Ia 4500008004100000100002600041245010900067260002900176300001800205650001500223856008200238999001900320952007300339160712s9999 xx 000 0 und d aFajilan, Wennielyn F. cWennielyn F. FajilanaPagsasatinig ng Pagkabata: Ang Varayti ng Wika sa mga Premyadong Kuwentong Pambata c2014bHumanities Diliman avol. 11 no. 2 xHUMANITIES uhttp://journals.upd.edu.ph/index.php/humanitiesdiliman/issue/view/502/showToc c297168d297168 001040aCLbCLd2016-07-12l0r2016-07-12 00:00:00w2016-07-12yFEJ